British PMs By Picture - Statistics

General Stats
  • This quiz has been taken 15 times
  • The average score is 13 of 16
Answer Stats
Picture Answer % Correct
Boris Johnson
100%
David Cameron
100%
Theresa May
100%
Winston Churchill
100%
John Major
93%
Margaret Thatcher
93%
Tony Blair
93%
Gordon Brown
87%
Neville Chamberlain
87%
Harold Wilson
80%
Clement Attlee
73%
Edward Heath
73%
Harold Macmillan
67%
Alec Douglas-Home
60%
Anthony Eden
60%
James Callaghan
53%
No matching quizzes found
Score Distribution
Percent of People with Each Score
Percentile by Number Answered
Your Score History
You have not taken this quiz